Načítá se...

Geomorphology of Desert environments, end ed

Podrobná bibliografie
Hlavní autor: Antony Parsons
Vydáno: Springer 2009
LEADER 00217 a2200097 4500
020
260 |b Springer  |c 2009 
942 |c BK  |6 _ 
245 |a Geomorphology of Desert environments, end ed  
100 |a Antony Parsons  
999 |c 62505  |d 62505